000 00702cam a22001935a 4500
001 ##J100743
008 000000s1911 000 0 eng u
035 _a(Sirsi) u100743
041 0 _aeng
050 0 4 _a942.273 $2 22
110 2 _aAuctioneers' Institute of the United Kingdom
_93785
245 0 0 _aAnnual provincial meeting at Portsmouth
_bWednesday, Thursday, Friday and Saturday, September 13th to 16th, 1911
260 _a[S.l.]
_b[s.n.]
_c1911
300 _a19p.
_bill
_c22cm.
520 _aPamphlet outlining members of the council, itinerary, general arrangements of the institution's work visit to Portsmouth.
651 4 _aUnited Kingdom
_y
690 _aAuctioneering
_96218
942 _n0
999 _c99792
_d99792